00899cam6a220020500 4500001001200000003000500012005001700017008004100034035001900075035002200094040000900116110008500125245005400210260008400264500022600348949004300574004000600617987005100623999001900674tmp15770670UPRA20190826083359.0951025s1980 ne f eng u a(Sirsi) r44922 a(UPRA)tmp15770670 cUPRA1 bMinistry of Agriculture and Water Development.bDept. of Water Affairs.6A2497.110aKafue Flats hydrological studies :bfinal report. aAmersfoort, The Netherlands :bInternational Technical Assistance Dept.,c1980. aA project executed jointly by the Dept. of Water Affairs of the Zambia Ministry of Agriculture and Water Development, and the DHV Consulting Engineering on behalf of the Netherlands, University for Technical Co-operation. a(O2)1980/30wlccmMAINtBOOKlON-SHELF44922 aImage : unreadable? bback of card unreadable. c156118d156118